পশুপাখির কীটতত্ত্ব / (Record no. 54570)
[ view plain ]
| 000 -LEADER | |
|---|---|
| fixed length control field | 00906nam a2200241 a 4500 |
| 001 - CONTROL NUMBER | |
| control field | 54570 |
| 003 - CONTROL NUMBER IDENTIFIER | |
| rucl marc code | BD-RjUL |
| 005 - DATE AND TIME OF LATEST TRANSACTION | |
| control field | 20211209080135.0 |
| 008 - FIXED-LENGTH DATA ELEMENTS--GENERAL INFORMATION | |
| fixed length control field | 161107s1989 bg ||||| |||| 00| 0 ben d |
| 020 ## - INTERNATIONAL STANDARD BOOK NUMBER | |
| Terms of availability | : Tk. 95.00 |
| 035 ## - SYSTEM CONTROL NUMBER | |
| System control number | (BD-RjUL)54692 |
| 040 ## - CATALOGING SOURCE | |
| Original cataloging agency | BD-RjUL |
| Language of cataloging | ben |
| Transcribing agency | BD-RjUL |
| Modifying agency | BD-RjUL |
| 041 ## - LANGUAGE CODE | |
| Language code of text/sound track or separate title | ben |
| 082 ## - DEWEY DECIMAL CLASSIFICATION NUMBER | |
| Edition number | 23 |
| Classification number | 636.089 |
| Author mark and year | HOP 1989 |
| 100 ## - MAIN ENTRY--PERSONAL NAME | |
| Personal name | হক, মোঃ মোজাম্মেল |
| 9 (RLIN) | 162772 |
| 245 10 - TITLE STATEMENT | |
| Title | পশুপাখির কীটতত্ত্ব / |
| Statement of responsibility, etc. | মোঃ মোজাম্মেল হক, |
| 260 ## - PUBLICATION, DISTRIBUTION, ETC. (IMPRINT) | |
| Place of publication, distribution, etc. | ঢাকা : |
| Name of publisher, distributor, etc. | বাংলা একাডেমী, |
| Date of publication, distribution, etc. | ১৯৮৮-১৯৮৯ |
| 300 ## - PHYSICAL DESCRIPTION | |
| Pagination | খন্ড. : |
| Illustrations | চিত্র ; |
| Size | ২৪ সেমি. |
| 505 ## - FORMATTED CONTENTS NOTE | |
| Formatted contents note | খন্ড. ২. -- খন্ড. ১ -- |
| 650 ## - SUBJECT ADDED ENTRY--TOPICAL TERM | |
| Topical term or geographic name as entry element | ভেটেরিনারি সায়েন্স |
| 9 (RLIN) | 162773 |
| Topical term or geographic name as entry element | Veterinary Science |
| 9 (RLIN) | 162774 |
| 942 ## - ADDED ENTRY ELEMENTS (KOHA) | |
| Source of classification or shelving scheme | Dewey Decimal Classification |
| Koha item type | Books |
| Lost status | Source of classification or shelving scheme | Damaged status | Not for loan | Collection code | Permanent Location | Current Location | Shelving location | Date acquired | Source of acquisition | Total Checkouts | Full call number | Date last seen | Copy number | Koha item type | Cost, normal purchase price |
|---|---|---|---|---|---|---|---|---|---|---|---|---|---|---|---|
| Dewey Decimal Classification | Non-fiction | Central Library, University of Rajshahi | Central Library, University of Rajshahi | 30/09/1992 | Bangla Academy, Dhaka. | B 636.089 HOP V-2 1989 | 07/11/2016 | C-2 | Books | ||||||
| Dewey Decimal Classification | Not For Loan | Non-fiction | Central Library, University of Rajshahi | Central Library, University of Rajshahi | Reading Room | 01/07/1990 | Dhaka, Bangla Academy | B 636.089 HOP V-1 1988 | 26/04/2017 | C-1 | Books | 95.00 | |||
| Dewey Decimal Classification | Non-fiction | Central Library, University of Rajshahi | Central Library, University of Rajshahi | 11/10/1992 | Bangla Academy, Dhaka. | B 636.089 HOP V-1 1988 | 02/05/2017 | C-2 | Books |